01376nac a22003131i 4500003000900000005001700009008004100026020001500067020001800082040004300100082001900143100005100162245019600213264004600409300004700455336002600502337002800528338002700556490002500583504005100608650002900659653001200688655001700700700004500717942001200762999001500774952013300789952014000922EG-ScBUE20250113105455.0110530s1990 maua f b 001 0 eng d a0201626748 a9780201626742 aEG-ScBUEbengerdacEG-ScBUEdEG-ScBUE04a523.1bKOL2221 aKolb, Edward W., eauthor.92443314aThe early universe /cEdward W. Kolb, Fermi National Accelerator Laboratory and The University of Chicago, Michael Turner, Fermi National Accelerator Laboratory and The University of Chicago. 1aReading, Mass. :bAddison-Wesley, c1990. axxii, 547 pages :billustrations ;c25 cm. 2rdacontentatextbtxt aunmediated2rdamediabn avolumebnc2rdacarrier0 aFrontiers in physics aIncludes bibliographical references and index. 7aCosmology.2BUEsh924435 cMay2011 vReading book1 aTurner, Michael Stanley,eauthor.924436 cBB2ddc c2700d2700 00102ddc40708BaccahaMAINbMAINc1STd2007-03-01ePurchaseg495.00l0o523.1 KOLp000001819r2025-07-15 00:00:00v618.75yBB 00102ddc40708BaccahaMAINbMAINc1STd2011-05-30ePurchaseg456.00h12334l0o523.1 KOLp000023796r2025-07-15 00:00:00v618.75yBB